Pravda a lži (2) O slovensko-česko-maďarských vzťahoch v 5. až 10. storočí

Podrobná bibliografia
Hlavný autor: Janota, Igor, 1921-2008 (Autor)
Médium: Článok
Jazyk:slovenčina
Predmet:

MARC

LEADER 00000nab a2200000 a 4500
001 vtls000686277
003 SK-MaSNL
005 20260304235201.0
008 180206c1999 xo 0 slo
015 |a SNBRB1999/03-06432 
035 |a CLN000038444 
040 |a SNKBUCL  |b slo  |c SNKBUCL  |e AACR2 
041 0 |a slo 
044 |a xo  |c SK 
080 |a 943.76"04/09"  |2 UDC-MRF-SK2 
080 |a 940.1"04/09"  |2 UDC-MRF-SK2 
100 1 |a Janota, Igor,  |d 1921-2008  |4 aut  |9 134088 
245 1 0 |a Pravda a lži  |n (2)  |p O slovensko-česko-maďarských vzťahoch v 5. až 10. storočí  |c Igor Janota 
500 |a Dokončenie 
650 0 7 |a Slovania  |2 SNKPH  |9 18587 
651 7 |a Slovensko  |x dejiny  |2 SNKPHgeo  |9 13278 
651 7 |a Európa stredná  |x dejiny  |2 SNKPHgeo  |9 23759 
655 7 |a články z novín a časopisov  |2 snkbucl  |9 267496 
773 0 |t Slovenská republika  |g Roč. 7, č. 51 (3.3.1999), s. 8 
850 |a Slovenská národná knižnica v Martine 
852 |a SNK  |b KIS3GCP 
958 |a RBX 
999 |c 3207906  |d 3209836